| 000 | 00715cam a22002411 4500 | ||
|---|---|---|---|
| 001 | sa 68013131 | ||
| 003 | DLC | ||
| 005 | 20260227112619.0 | ||
| 008 | 900226s1968 ii 000 0 panr | ||
| 010 | _asa 68013131 | ||
| 025 | _aPL480:I-Pu-1352 | ||
| 035 | _a(OCoLC)21122665 | ||
| 040 |
_aDLC _cMiEM _dMiEM _dDLC |
||
| 042 | _apremarc | ||
| 050 | 0 | 0 |
_aHN683.5 _b.S35 |
| 100 | 1 |
_aSayyadvi, Tara Singh, _d1894- |
|
| 245 | 1 | 0 |
_aGhuliā Sonā. _c[Lekhaka] Tārā Siṅgha 'Sayadawī.' |
| 260 |
_aAmritasara, _bTalawāṛa Book Company _c[1968?] |
||
| 300 |
_a136 p. _c19 cm. |
||
| 500 | _aOn verso of t.p.: Prakāshaka Sāhita Maṇḍala. | ||
| 500 | _aIn Panjabi. | ||
| 651 | 0 |
_aIndia _xSocial conditions _y1947- |
|
| 999 |
_c84947 _d84947 |
||